00634nam a22001697a 4500022001800000041000800018082001600026100002300042245004600065260002800111300000800139650007500147942000700222952010900229952010900338999001700447 a9788184656183 aENG a303.61bISI a Isidore F. Joseph aPathway to peace : a nonviolent lifestyle aDelhi b ISPCK, c2017. a334 aGandhi, -- Mahatma, -- 1869-1948 -- Philosophy.aNonviolence -- India. cBK 00104070aHMIbHMIcGENd2020-06-02eISPCKg350.00l0o303.61 ISIp11-4237r2020-06-02w2020-06-02yBK 00104070aHMIbHMIcGENd2020-06-02eISPCKg350.00l0o303.61 ISIp11-4238r2020-06-02w2020-06-02yBK c22882d22882